| 000 | 00881nam a2200301 a 4500 | ||
|---|---|---|---|
| 003 | AR-BaBNM | ||
| 005 | 20251128205924.0 | ||
| 008 | 082120s2002 ||||||||||||||000 | spa|| | ||
| 040 | _cAR-BaBNM | ||
| 100 | 1 | _aVillalta, Blanco | |
| 245 | 0 | 0 | _aKemal Ataturk |
| 260 |
_aBuenos Aires _bAgón _c1981 |
||
| 300 | _a478 p. | ||
| 500 | _aEdición realizada en oportunidad del Coloquio Internacional acerca del Centenario del Nacimiento de Ataturk, que la UNESCO realizará en su Sede, en París en 1981 | ||
| 650 | 4 | _aBIOGRAFIAS | |
| 650 | 4 | _aHISTORIA | |
| 650 | 4 | _aHISTORIA SOCIAL | |
| 650 | 4 | _aCIENCIAS POLITICAS | |
| 650 | 4 | _aHISTORIA EUROPEA | |
| 650 | 4 | _aHISTORIA POLITICA | |
| 650 | 4 | _aHISTORIA DE LAS RELIGIONES | |
| 650 | 4 | _aHISTORIA ASIATICA | |
| 650 | 4 | _aHISTORIA ARABE | |
| 651 | 4 | _aTurquía | |
| 655 | _aBIOGRAFIAS | ||
| 942 | _cBK | ||
| 998 | _cMariana | ||
| 999 |
_c13322 _d13322 |
||